00667nam a2200193Ia 4500008004100000020001500041082001600056100002900072245006800101250000800169260003400177300003100211500001900242600002100261650005000282942000700332952011900339999001500458240925s9999 xx 000 0 und d a8178080422 a005.117 BRU aDouglass, ,Bruce Powel 0aReal-time UML: developing efficient object for embeddid systems a2nd aNew York:bFree Pressc,2000. axxviii,573p.bNAfOriginal aIncludes Index aComputer Science aComputer science, information & general works cBK 001040708SEaUITUbUITUd2002-09-17eF.B.Cg551.00l0o005.117 BRUpQ4623r2024-09-25 07:13:34w2024-09-25yBK c7122d7122